000 00638nam a2200229 a 4500
001 61210
003 BD-RjUL
005 20211209080932.0
008 170116s1958 enka 000 0 eng
035 _a(BD-RjUL)61334
040 _aDLC
_cDLC
_dBD-RjUL
_beng
041 _aeng
082 _223
_a658.5
_bMAP 1958
100 1 _aMagee, John F.
_9182599
245 1 0 _aProduction planning and inventory control /
_cJohn F. Magee,
260 _aNew York :
_bMcGraw-Hill,
_cc1958.
300 _a333 p. :
_bill. ;
_c24 cm.
650 0 _aProduction control.
_9182600
650 0 _aInventories.
_9182601
942 _2ddc
_cBK
999 _c61210
_d61210